[Event "PNWCC Thanksgiving U2200 op"]
[Site "Chess.com INT"]
[Date "2020.11.28"]
[Round "6"]
[White "Liu, Erik"]
[Black "Olson, Travis"]
[Result "1/2-1/2"]
[WhiteElo "1615"]
[BlackElo "1746"]
[PlyCount "87"]
[EventDate "2020.11.27"]
[EventType "swiss (rapid)"]
[EventRounds "9"]
[EventCountry "USA"]
[SourceTitle "CBM 199 Extra"]
[Source "ChessBase"]
[SourceDate "2021.01.31"]
[SourceVersion "1"]
[SourceVersionDate "2021.01.31"]
[SourceQuality "1"]

1. d4 Nf6 2. c4 e6 3. Nc3 Bb4 4. Bg5 h6 5. Bxf6 Qxf6 6. Nf3 0-0 7. e3 c5 8. Be2 b6 9. 0-0 Bxc3 10. bxc3 d6 11. Qc2 Bb7 12. Rfd1 Na6 13. Rab1 Qe7 14. e4 e5 15. d5 Nb8 16. Bd3 Nd7 17. Qd2 Rfd8 18. h3 Nf8 19. g3 Bc8 20. Kg2 Bd7 21. Bc2 Ng6 22. Re1 Qf6 23. Ng1 h5 24. Qe2 h4 25. Qh5 Kf8 26. Re3 Ke7 27. Rf3 Rh8 28. Qxh8 Qxf3+ 29. Nxf3 Rxh8 30. Rh1 f6 31. Nd2 Rh6 32. a4 Nh8 33. Nf1 Nf7 34. g4 Nh8 35. Ne3 Ng6 36. f3 Nf4+ 37. Kf2 g5 38. Ng2 Ng6 39. Rb1 Kd8 40. a5 Kc7 41. a6 Rh8 42. Bd3 Rb8 43. Ke2 Bc8 44. Ra1 1/2-1/2

[Event "PNWCC Online Masters Artist Point"]
[Site "Chess.com INT"]
[Date "2020.09.07"]
[Round "9"]
[White "Chen, Ryo"]
[Black "Liu, Erik"]
[Result "1-0"]
[WhiteElo "2085"]
[BlackElo "1615"]
[PlyCount "101"]
[EventDate "2020.09.05"]
[EventType "swiss"]
[EventRounds "9"]
[EventCountry "USA"]
[SourceTitle "CBM 198 Extra"]
[Source "ChessBase"]
[SourceDate "2020.11.30"]
[SourceVersion "1"]
[SourceVersionDate "2020.11.30"]
[SourceQuality "1"]

1. e4 c5 2. Nf3 d6 3. d4 cxd4 4. Nxd4 Nf6 5. Nc3 a6 6. Be2 e6 7. 0-0 Be7 8. a4 0-0 9. f4 e5 10. Nb3 exf4 11. Bxf4 Be6 12. Kh1 Nc6 13. Qe1 Ne5 14. Rd1 Qc7 15. Qg3 Rfd8 16. Nd4 Ng6 17. Bg5 Bc4 18. Bxc4 Qxc4 19. Nf5 Qe6 20. Nxe7+ Qxe7 21. Nd5 Qxe4 22. Bxf6 Rd7 23. Nb6 Rdd8 24. Bxd8 Rxd8 25. Rxd6 Re8 26. Qb3 Ne5 27. Rdd1 Qg6 28. Rde1 Kh8 29. Nd7 f6 30. Nxe5 fxe5 31. Rxe5 Rg8 32. Ref5 Qe8 33. Qf7 Qb8 34. Qe7 h6 35. Rf8 Rxf8 36. Rxf8+ Qxf8 37. Qxf8+ Kh7 38. Qb8 b5 39. axb5 axb5 40. Qxb5 h5 41. c4 h4 42. c5 h3 43. gxh3 g5 44. c6 g4 45. hxg4 Kg6 46. Qf5+ Kg7 47. c7 Kh6 48. c8Q Kg7 49. Qcd7+ Kg8 50. Qfh7+ Kf8 51. Qdf7# 1-0

[Event "PNWCC Online Masters"]
[Site "Chess.com INT"]
[Date "2020.05.25"]
[Round "7.39"]
[White "Modi, Ethan"]
[Black "Liu, Erik"]
[Result "1-0"]
[WhiteElo "1786"]
[BlackElo "1615"]
[PlyCount "118"]
[EventDate "2020.05.23"]
[EventType "swiss (rapid)"]
[EventRounds "9"]
[EventCountry "USA"]
[SourceTitle "CBM 196 Extra"]
[Source "ChessBase"]
[SourceDate "2020.07.31"]
[SourceVersion "1"]
[SourceVersionDate "2020.07.31"]
[SourceQuality "1"]

1. d4 Nf6 2. c4 g6 3. Nc3 Bg7 4. e4 d6 5. Bg5 0-0 6. Qd2 c5 7. d5 e6 8. Bd3 Qc7 9. Nge2 exd5 10. cxd5 a6 11. a4 Nbd7 12. 0-0 Rb8 13. Rac1 c4 14. Bb1 b5 15. axb5 axb5 16. Nd4 b4 17. Ncb5 Qc5 18. Nxd6 Qxd6 19. Bf4 Ne5 20. Bxe5 Qxe5 21. Nc6 Qc7 22. Nxb8 Qxb8 23. Rxc4 Ba6 24. Rxb4 Qe5 25. Re1 Ng4 26. f4 Bh6 27. g3 Qh5 28. Rb6 Bc4 29. b3 Ne5 30. Re3 Qg4 31. Qf2 Qd1+ 32. Kg2 Ng4 33. Re1 Qxb1 34. Rxb1 Nxf2 35. Kxf2 Bd3 36. Re1 Bg7 37. e5 Rd8 38. d6 Bf5 39. Rc1 Kf8 40. b4 f6 41. Re1 fxe5 42. fxe5 Be6 43. Rb7 h5 44. Re7 Re8 45. Rxe8+ Kxe8 46. Kf3 Bh6 47. Ra1 Bd5+ 48. Kf2 Kd7 49. Ra7+ Kd8 50. b5 Bd2 51. h4 Bc3 52. Re7 Bd4+ 53. Ke1 Bc3+ 54. Kf2 Bd4+ 55. Ke2 Bc4+ 56. Kf3 Bc3 57. b6 Bd5+ 58. Ke3 Kc8 59. e6 Bb2 1-0

[Event "PNWCC Online Masters"]
[Site "Chess.com INT"]
[Date "2020.05.23"]
[Round "2.28"]
[White "Liu, Erik"]
[Black "Chen, Ryo"]
[Result "0-1"]
[WhiteElo "1615"]
[BlackElo "2085"]
[PlyCount "138"]
[EventDate "2020.05.23"]
[EventType "swiss (rapid)"]
[EventRounds "9"]
[EventCountry "USA"]
[SourceTitle "CBM 196 Extra"]
[Source "ChessBase"]
[SourceDate "2020.07.31"]
[SourceVersion "1"]
[SourceVersionDate "2020.07.31"]
[SourceQuality "1"]

1. d4 Nf6 2. c4 g6 3. Nc3 Bg7 4. e4 d6 5. Bd3 0-0 6. Nge2 Nc6 7. 0-0 e5 8. d5 Nd4 9. Nxd4 exd4 10. Ne2 Re8 11. f3 c5 12. a3 Qe7 13. Ng3 Bd7 14. b4 b6 15. bxc5 bxc5 16. Rb1 Reb8 17. Bd2 h5 18. Rb3 Qd8 19. Bf4 Ne8 20. Bd2 Rxb3 21. Qxb3 Rb8 22. Qc2 Qb6 23. Rb1 Qxb1+ 24. Qxb1 Rxb1+ 25. Bxb1 Nc7 26. Ba5 Na8 27. Kf2 Bh6 28. Ne2 Be3+ 29. Kg3 Kf8 30. h3 Ke7 31. f4 Nb6 32. Bxb6 axb6 33. Bd3 Kf6 34. Kf3 h4 35. g4 g5 36. f5 Ba4 37. Kg2 Bd2 38. Kf2 Bd1 39. Bb1 Bc3 40. Nc1 Bb2 41. Nd3 Bxa3 42. Ne1 Bb3 43. Bd3 Bc1 44. Nf3 Bf4 45. Ke2 Ke7 46. Ke1 f6 47. Nd2 Ba4 48. Nb1 Bc1 49. Ke2 Kd7 50. Nd2 Kc7 51. e5 Bxd2 52. exf6 Kd8 53. Kxd2 Ke8 54. Ke2 Kf7 55. Kf3 Kxf6 56. Ke4 Bb3 57. Be2 Bc2+ 58. Bd3 Bd1 59. Bf1 Bb3 60. Bd3 Ke7 61. Be2 Kd7 62. Bd3 b5 63. cxb5 c4 64. f6 cxd3 65. f7 Ke7 66. b6 d2 67. b7 Bc2+ 68. Kxd4 d1Q+ 69. Kc4 Qb1 0-1

[Event "PNWCC Online blitz JP 8th"]
[Site "Chess.com INT"]
[Date "2020.05.02"]
[Round "10"]
[White "Kondakov, Adrian"]
[Black "Liu, Erik"]
[Result "1/2-1/2"]
[WhiteElo "1986"]
[BlackElo "1615"]
[PlyCount "128"]
[EventDate "2020.05.02"]
[EventType "swiss (blitz)"]
[EventRounds "11"]
[EventCountry "USA"]
[SourceTitle "CBM 195 Extra"]
[Source "ChessBase"]
[SourceDate "2020.05.31"]
[SourceVersion "1"]
[SourceVersionDate "2020.05.31"]
[SourceQuality "1"]

1. e4 c5 2. Nf3 d6 3. d4 cxd4 4. Nxd4 Nf6 5. Nc3 a6 6. h3 e6 7. g4 h6 8. Bg2 Bd7 9. a4 Nc6 10. Be3 Nxd4 11. Bxd4 e5 12. Be3 Be7 13. 0-0 0-0 14. Qd2 Nh7 15. Nd5 Bg5 16. b3 Be6 17. c4 Bxd5 18. cxd5 Rc8 19. Rac1 Qb6 20. Bxb6 Bxd2 21. Rc7 Rxc7 22. Bxc7 Bb4 23. Rc1 Rc8 24. Rc4 Ba3 25. Bf1 b5 26. axb5 axb5 27. Rc6 Ng5 28. Bd3 Nxh3+ 29. Kf1 Nf4 30. Bxb5 Ng6 31. Ba6 Ra8 32. Bxd6 Bxd6 33. Rxd6 Nf8 34. b4 Rb8 35. b5 Kh7 36. b6 Nd7 37. b7 Nc5 38. Rc6 Nxa6 39. Rxa6 Rxb7 40. Kg2 Rd7 41. Kf3 f6 42. Ke3 Kg6 43. f3 Kg5 44. Re6 h5 45. gxh5 Kxh5 46. d6 Kg6 47. f4 exf4+ 48. Kxf4 Kf7 49. Re7+ Rxe7 50. dxe7 Kxe7 51. e5 Ke6 52. exf6 Kxf6 53. Kg4 g6 54. Kf4 g5+ 55. Kg4 Kg6 56. Kg3 Kh5 57. Kh3 g4+ 58. Kg3 Kg5 59. Kg2 Kf4 60. Kf2 g3+ 61. Kg2 Kg4 62. Kg1 Kh3 63. Kh1 g2+ 64. Kg1 Kg3 1/2-1/2

[Event "PNWCC Online blitz JP 8th"]
[Site "Chess.com INT"]
[Date "2020.05.02"]
[Round "4"]
[White "Mei, Austin"]
[Black "Liu, Erik"]
[Result "1-0"]
[WhiteElo "1962"]
[BlackElo "1615"]
[PlyCount "63"]
[EventDate "2020.05.02"]
[EventType "swiss (blitz)"]
[EventRounds "11"]
[EventCountry "USA"]
[SourceTitle "CBM 195 Extra"]
[Source "ChessBase"]
[SourceDate "2020.05.31"]
[SourceVersion "1"]
[SourceVersionDate "2020.05.31"]
[SourceQuality "1"]

1. e4 c5 2. Nf3 d6 3. d4 cxd4 4. Nxd4 Nf6 5. f3 h5 6. c4 a6 7. Nc3 e6 8. Be3 Bd7 9. Rc1 Nc6 10. Nb3 Be7 11. c5 dxc5 12. Nxc5 Bxc5 13. Bxc5 Ne7 14. Qd6 Rc8 15. Bb6 Rc6 16. Bxd8 Rxd6 17. Bxe7 Kxe7 18. e5 Rc6 19. exf6+ gxf6 20. Bd3 Rhc8 21. Kd2 Rd6 22. Ke3 Rdc6 23. Rcd1 f5 24. f4 Rg8 25. g3 b5 26. a3 Rc7 27. Be2 h4 28. Rhg1 h3 29. Bf1 Rh8 30. g4 fxg4 31. Rxg4 e5 32. Nd5+ 1-0

[Event "PNWCC Online blitz JP 8th"]
[Site "Chess.com INT"]
[Date "2020.05.02"]
[Round "7"]
[White "Tu, Lawrence"]
[Black "Liu, Erik"]
[Result "0-1"]
[WhiteElo "1554"]
[BlackElo "1615"]
[PlyCount "54"]
[EventDate "2020.05.02"]
[EventType "swiss (blitz)"]
[EventRounds "11"]
[EventCountry "USA"]
[SourceTitle "CBM 195 Extra"]
[Source "ChessBase"]
[SourceDate "2020.05.31"]
[SourceVersion "1"]
[SourceVersionDate "2020.05.31"]
[SourceQuality "1"]

1. c4 Nf6 2. Nc3 g6 3. d4 d6 4. e4 Bg7 5. Nf3 0-0 6. Be2 c5 7. d5 e6 8. Be3 exd5 9. cxd5 b5 10. Bxb5 Nxe4 11. Nxe4 Qa5+ 12. Ned2 Qxb5 13. Qc2 Ba6 14. 0-0-0 Nd7 15. Ne4 Rab8 16. b3 Qb6 17. Bf4 Ne5 18. Nxe5 dxe5 19. Be3 f5 20. Nc3 e4 21. f3 Bd3 22. Qd2 Qa5 23. Nb1 Rxb3 24. Qxa5 Rxb1+ 25. Kd2 Rb2+ 26. Kc1 Rc2+ 27. Kb1 Rb8+ 0-1

[Event "PNWCC Online blitz JP 2nd"]
[Site "Chess.com INT"]
[Date "2020.03.21"]
[Round "3"]
[White "Liu, Erik"]
[Black "Zhang, Samuel1111"]
[Result "1-0"]
[WhiteElo "1615"]
[BlackElo "2033"]
[PlyCount "134"]
[EventDate "2020.03.21"]
[EventType "swiss (blitz)"]
[EventRounds "11"]
[EventCountry "USA"]
[SourceTitle "CBM 195 Extra"]
[Source "ChessBase"]
[SourceDate "2020.05.31"]
[SourceVersion "1"]
[SourceVersionDate "2020.05.31"]
[SourceQuality "1"]

1. d4 d5 2. c4 e6 3. Nc3 Nf6 4. Bf4 c6 5. e3 Be7 6. Nf3 0-0 7. Be2 Nbd7 8. 0-0 a6 9. a3 dxc4 10. Bxc4 b5 11. Be2 Bb7 12. Rc1 c5 13. dxc5 Bxc5 14. b4 Bb6 15. Bd6 Re8 16. Bd3 Rc8 17. e4 Nf8 18. e5 Nd5 19. Ne4 Ng6 20. Nc5 Bxc5 21. Rxc5 Rxc5 22. Bxc5 Ndf4 23. Bxg6 Nxg6 24. Bd6 Qb6 25. Qb3 Rc8 26. Rd1 h6 27. Bc5 Qc6 28. Qe3 Qe4 29. Re1 Qxe3 30. Rxe3 Bd5 31. Nd4 Bc4 32. g3 a5 33. f4 axb4 34. axb4 Nf8 35. Ra3 Nd7 36. Bd6 Nb6 37. Ra5 Ra8 38. Nxb5 Rxa5 39. bxa5 Bxb5 40. axb6 Bc6 41. Bc7 f6 42. Kf2 Kf7 43. Ke3 g5 44. Kd4 gxf4 45. gxf4 fxe5+ 46. Kxe5 Bd5 47. f5 Ke7 48. f6+ Kf7 49. h3 h5 50. h4 Bf3 51. Bd8 Bb7 52. Kd6 Ke8 53. Kxe6 Bc8+ 54. Kd6 Bb7 55. Kc7 Ba6 56. Be7 Kf7 57. b7 Ke6 58. b8Q Bc4 59. Qb6+ Kf7 60. Qb4 Be6 61. Bf8 Bg4 62. Qe7+ Kg6 63. Qg7+ Kf5 64. Bd6 Ke4 65. f7 Kf3 66. f8Q+ Kg2 67. Qb2+ Kh3 1-0

[Event "PNWCC Online blitz JP 2nd"]
[Site "Chess.com INT"]
[Date "2020.03.21"]
[Round "10"]
[White "Xie, Brandon"]
[Black "Liu, Erik"]
[Result "1-0"]
[WhiteElo "1821"]
[BlackElo "1615"]
[PlyCount "73"]
[EventDate "2020.03.21"]
[EventType "swiss (blitz)"]
[EventRounds "11"]
[EventCountry "USA"]
[SourceTitle "CBM 195 Extra"]
[Source "ChessBase"]
[SourceDate "2020.05.31"]
[SourceVersion "1"]
[SourceVersionDate "2020.05.31"]
[SourceQuality "1"]

1. e4 c5 2. Nf3 d6 3. Bb5+ Bd7 4. Bxd7+ Qxd7 5. 0-0 Nf6 6. e5 dxe5 7. Nxe5 Qc7 8. Re1 e6 9. Nc3 Bd6 10. Nc4 Bxh2+ 11. Kh1 Bd6 12. d3 a6 13. a4 Nc6 14. Bg5 h6 15. Bxf6 gxf6 16. Qf3 Be7 17. Ne4 f5 18. Ng3 Nd4 19. Qd1 h5 20. c3 h4 21. Nh5 Nc6 22. Qe2 Rd8 23. Ng7+ Kf8 24. Nh5 b5 25. axb5 axb5 26. Ne3 f4 27. Nf1 b4 28. Qg4 Rg8 29. Qxf4 Qxf4 30. Nxf4 Bg5 31. Nh3 Rxd3 32. Nxg5 Rg7 33. Ne4 h3 34. Nfg3 bxc3 35. bxc3 hxg2+ 36. Kg1 f5 37. Nxc5 1-0